000 nam a22 4500
999 _c9148
_d9148
008 180412b ||||| |||| 00| 0 eng d
245 _aDefying notions of an Igorot.
260 _aPhilippines
_bThe Philippine Star
_cc2016
300 _apage A18.
650 0 _927332
_aNative peoples.
942 _2ddc
_cPER